00413nam a2200181Ia 4500008004100000041000800041082001500049100002100064245002900085250000600114260002700120300000800147365000700155500000700162650002900169906001200198999002100210231222s2022 xx 000 0 und d aeng a615.19/BIL aDr. Ajay Bilandi aPharmaceutical Chemistry a2 bNirali Prakashanc2022 a13p cRS aBV aPharmaceutical Chemistry aDIPLOMA c1008461d1008461